| 000 | 00448nam a2200145 i 4500 | ||
|---|---|---|---|
| 001 | 29436 | ||
| 003 | ES-MaACL | ||
| 005 | 20230906154032.0 | ||
| 007 | t| | ||
| 008 | 030122s1917 xxk ||||1| spa d | ||
| 100 | 1 |
_aBarbosa, Ruy. _925475 |
|
| 245 | 1 | 4 |
_aLos conceptos modernos del Derecho Internacional / _cdisertación de Ruy Barbosa en la Facultad de Derecho de Buenos Aires. |
| 260 |
_aLondres : _b[s.n.], _c1917. |
||
| 852 |
_aES-MaACL _j1487-F-11 |
||
| 999 |
_c29436 _d29436 |
||